10 U.S. States with Fewest Guns Per Capita - Statistics

General Stats
  • This quiz has been taken 44 times
  • The average score is 7 of 10
Answer Stats
Guns per Capita Answer % Correct
3.83 New York
92%
5.41 Massachusetts
89%
8.71 California
84%
3.98 Rhode Island
84%
6.38 New Jersey
76%
9.41 Vermont
76%
5.04 Delaware
68%
5.50 Hawaii
68%
6.59 Michigan
42%
9.05 Iowa
32%
No matching quizzes found
Score Distribution
Percent of People with Each Score
Percentile by Number Answered
Your Score History
You have not taken this quiz